000 00526nas a2200169 a 4500
005 20120109152725.0
020 _a9788181463760
_c190.00
037 _bPUB
100 _aRao, Sandhya
_938712
245 _aPicture Gandhi /
_cby Sandhya Rao
260 _bTulika Publishers
_c2009
_aChennai
270 _a13, Prithvi Avenue, Abhiramapuram
_bChennai
_e600018
300 _aUnpaged
_bill.
_c26cm(pbk)
942 _2ddc
_cCH
_mRAO
999 _c60545
_d60545